000 00664nam a2200217Ia 4500
008 260428s9999 xx 000 0 und d
020 _a9789561428706
082 _a305.260983 E19s 2021
100 _aHernández Tagle, Fernando Leonardo, editor
_935837
100 _aMartín Larraín, Pedro Paulo, editor
_935838
100 _aSolminihac Tampier, Hernán E. de, editor
_935839
245 0 _aEconomía, salud y envejecimiento
260 _aEdiciones Universidad Católica de Chile
260 _bSantiago, Chile
260 _c2021
300 _a277p.
650 _aAncianos
_910878
650 _aChile
_9121
650 _aEconomía
_9647
942 _clibro
999 _c20509
_d20509